000 00698nam a2200217 i 4500
001 150611
003 ES-MaACL
005 20250804063427.0
007 t|
008 071031s1955 sp ||||1| cat d
100 0 _aValencia, Pedro de,
_d1902-
_9112570
245 1 0 _aAnys i noms en la pintura contemporània /
_cPere de València.
260 _aValencia :
_bTorre,
_c1955.
300 _a54 p. :
_bil. ;
_c17 cm.
490 1 _aL'espiga ;
_v24
599 _aIlustraciones de Pedro de Valencia, seud. del pintor Pedro Sánchez García-Esteban.
650 4 _aPintura-
_xS.XX.
_916010
830 1 _aL'espiga ;
_v24
_9181905
852 _aES-MaACL
_j1979-F-10
999 _c150611
_d150611